000 00532nam a22001937a 4500
003 KOHA_MİRAKIL
005 20251107153428.0
008 251107b tu ||||| |||| 00| 0 tur d
020 _a9786059791830
040 _aTR-AnABB
_btur
_cTR-AnABB
041 _atur
082 _a811.42
_bOZA 2018
100 1 _aÖzarslan, Ersin,
245 1 0 _aBir kanlı minyatür /
_cErsin Özarslan
260 _aAnkara :
_bMaarif Mektepleri,
_c2018
300 _a64 sayfa ;
_c21 cm
650 0 4 _aTürk edebiyatı, roman
942 _2ddc
_cBK
999 _c9302
_d9302
900 _bGizem YORULMAZ